Normal view MARC view
  • Brig Dr. Javaid Iqpal COL NASIR RASHID

Entry Personal Name

Number of records used in: 1

001 - CONTROL NUMBER

  • control field: 72104

003 - CONTROL NUMBER IDENTIFIER

  • control field: NUST

005 - DATE AND TIME OF LATEST TRANSACTION

  • control field: 20210628204737.0

008 - FIXED-LENGTH DATA ELEMENTS

  • fixed length control field: 210628|| aca||aabn | a|a d

040 ## - CATALOGING SOURCE

  • Original cataloging agency: NUST
  • Transcribing agency: NUST

100 ## - HEADING--PERSONAL NAME

  • Personal name: Brig Dr. Javaid Iqpal COL NASIR RASHID

670 ## - SOURCE DATA FOUND

  • Source citation: Work cat.: (NUST): CH Ali Hamza Cheema Haider Rafique Muhammad Umar Masood Furqan Ahmed Mohibullah 72103, PR-SOF-1492-Remotely-Driven Real-Time Multi-Terrain Surveillance Robot, 2016
© 2023 Central Library, National University of Sciences and Technology. All Rights Reserved.